Online
Catalog

Duarte: (Record no. 53365)

MARC details
000 -CABECERA
campo de control de longitud fija 01300nam a2200241 i 4500
003 - IDENTIFICADOR DEL NÚMERO DE CONTROL
campo de control DO-SdBNP
005 - FECHA Y HORA DE LA ÚLTIMA TRANSACCIÓN
campo de control 20230427103656.0
006 - CÓDIGOS DE INFORMACIÓN DE LONGITUD FIJA--CARACTERÍSTICAS DEL MATERIAL ADICIONAL
campo de control de longitud fija a||||gr|||| 00| 0
007 - CAMPO FIJO DE DESCRIPCIÓN FÍSICA--INFORMACIÓN GENERAL
campo de control de longitud fija ta
008 - DATOS DE LONGITUD FIJA--INFORMACIÓN GENERAL
campo de control de longitud fija 230427b |||ac||| |||| 00| edspa d
040 ## - FUENTE DE LA CATALOGACIÓN
Centro catalogador/agencia de origen DO-SdBNP
Lengua de catalogación spa
Centro/agencia transcriptor BNPHU
Normas de descripción rda
082 #4 - NÚMERO DE LA CLASIFICACIÓN DECIMAL DEWEY
Número de edición 22
Número de documento/Ítem D812E
245 10 - MENCIÓN DE TÍTULO
Título Duarte:
Resto del título un mensaje hecho vida./
Mención de responsabilidad, etc. Ricardo Espaillat
264 30 - PRODUCCIÓN, PUBLICACIÓN, DISTRIBUCIÓN, FABRICACIÓN Y COPYRIGHT
Producción, publicación, distribución, fabricación y copyright [Santo Domingo] :
Nombre del de productor, editor, distribuidor, fabricante sin editorial,
Fecha de producción, publicación, distribución, fabricación o copyright sin fecha
300 ## - DESCRIPCIÓN FÍSICA
Extensión 43 páginas :
Otras características físicas Ilustraciones;
Dimensiones 20 cm.
336 ## - TIPO DE CONTENIDO
Fuente rdaconten
Término de tipo de contenido texto
Código de tipo de contenido txt
337 ## - TIPO DE MEDIO
Fuente rdamedia
Nombre/término del tipo de medio sin medición
Código del tipo de medio n
338 ## - TIPO DE SOPORTE
Fuente rdacarrier
Nombre/término del tipo de soporte volumen
Código del tipo de soporte nc
504 ## - NOTA DE BIBLIOGRAFÍA, ETC.
Nota de bibliografía, etc. Bibliografía: páginas 42 - 44
505 ## - NOTA DE CONTENIDO CON FORMATO
Nota de contenido con formato Duarte: Un Mensaje Hecho Vida.
Información miscelánea Biografía.--
-- Dedicatoria.--
-- Prólogo.--
Título I. Nunca es demasiado temprano, y nunca es demasiado tarde para pensar en la Patria.--
-- II. Soñar para la Patria y tener fe en su Pueblo.--
-- III. Compartir y educar.--
-- IV. La Palabra, la confianza y el vínculo social.--
-- VII. El sacrificio, la entrega y el desprendimiento por la Patria.--
-- VIII. El trabajo como honra e instrumento de desarrollo.--
-- IX. La honestidad en el manejo de los recursos del Estado.--
-- X. La humildad, la lealtad y el honor como valor del ciudadano.--
-- XII. El amor a Dios y a la Patria.--
590 ## - NOTA LOCAL (RLIN)
Nota local Inventariado 2023 / MF
942 ## - ELEMENTOS DE PUNTO DE ACCESO ADICIONAL (KOHA)
Fuente del sistema de clasificación o colocación Dewey Decimal Classification
Tipo de ítem Koha Folleto
Holdings
Estado de retiro Estado de pérdida Fuente del sistema de clasificación o colocación Restricciones de uso No para préstamo Código de colección Localización permanente Ubicación/localización actual Ubicación en estantería Fecha de adquisición Total de préstamos Signatura topográfica completa Código de barras Fecha visto por última vez Precio válido a partir de Tipo de ítem Koha
    Dewey Decimal Classification Excluido de préstamo   Patrimonio Dominicano Biblioteca Nacional Pedro Henríquez Ureña Biblioteca Nacional Pedro Henríquez Ureña En catalogación 09.02.2022   D812E 2023-1513 27.04.2023 27.04.2023 Folleto

Powered by Koha